| 000 | 02399nam0a2200349 4500 | ||
|---|---|---|---|
| 001 | RU\NLR\BIBL_A\011664875 | ||
| 005 | 20180412124905.0 | ||
| 010 |
_a978-5-903957-09-5 _9500 |
||
| 021 |
_aRU _bКН-П-18-012919 _9КН-П-18-0925 |
||
| 035 | _a(NLR Aleph) 011664875 | ||
| 035 | _a(RuMoRGB)009551881 | ||
| 090 |
_a11202527 _c11202527 |
||
| 100 | _a20180326d2012 k y0rusy50 ca | ||
| 101 | 0 | _arus | |
| 102 | _aRU | ||
| 105 | _aa z 010zy | ||
| 200 | 1 |
_aПравославие, Россия: размышление о прошлом, взгляд в будущее _eматериалы научной конференции с международным участием, Красноярск, 12-14 октября 2011 г., [посвященной 150-летию Красноярской (Енисейской) епархии и проходившая в рамках XVI Красноярского краевого фестиваля духовной культуры "Покровские встречи"] _fКрасноярская митрополия Русской Православной Церкви [и др.] |
|
| 210 |
_aКрасноярск _cВосточная Сибирь _d2012 |
||
| 215 |
_a307 с. _d21 |
||
| 320 | _aБиблиогр. в конце ст. | ||
| 601 | 0 | 2 |
_aКрасноярская епархия _jСъезды, совещания и т.п _92136664 _3RU\NLR\AUTH\661592687 |
| 686 | 2 | _aЭ372.24-605.1я431 | |
| 711 | 1 | 2 |
_a"Православие, Россия: размышление о прошлом, взгляд в будущее", научная конференция с международным участием _eКрасноярск _f2011 _9597047 _3RU\NLR\AUTH\880467560 |
| 711 | 1 | 2 |
_a"Покровские встречи", красноярский краевой фестиваль духовной культуры _d16 _f2011 _9597054 _3RU\NLR\AUTH\880467564 |
| 712 | 0 | 2 |
_4570 _aРусская православная церковь _bКрасноярская митрополия _9596618 _3RU\NLR\AUTH\880467319 |
| 942 | _cBOOK | ||
| 980 | _aNBR | ||
| 980 | _aNB | ||